Click Fast to Empty the Map of the Europe - Statistics

General Stats
  • This quiz has been taken 575 times
  • The average score is 33 of 45
Answers on the Map
Answers color-coded by a green-red scale on the quiz's map according to % correct below.
 
Answer Stats
Answer % Correct
Italy
79%
Spain
78%
Switzerland
77%
Iceland
76%
Romania
76%
Russia
76%
Croatia
75%
France
75%
Germany
75%
Norway
75%
Portugal
75%
Andorra
74%
Finland
74%
Hungary
74%
Sweden
74%
Ukraine
74%
United Kingdom
74%
Vatican City
74%
Belgium
73%
Estonia
73%
Greece
73%
Ireland
73%
Lithuania
73%
Netherlands
73%
Poland
73%
Denmark
72%
Malta
72%
Monaco
72%
Serbia
72%
Belarus
71%
Moldova
71%
San Marino
71%
Slovenia
71%
Albania
70%
Austria
70%
Bulgaria
70%
Kosovo
70%
North
Macedonia
70%
Slovakia
70%
Bosnia and
Herzegovina
69%
Liechtenstein
69%
Montenegro
69%
Latvia
68%
Luxembourg
68%
Czech Republic
67%
No matching quizzes found
Score Distribution
Percent of People with Each Score
Percentile by Number Answered
Your Score History
You have not taken this quiz